| 000 | 00000nas 2200000za 4500 |
| 001 | 9.808399 |
| 003 | CaOODSP |
| 005 | 20221107140355 |
| 007 | cr ||||||||||| |
| 008 | 151230d19481973oncmr p oss f000#a0eng|d |
| 022 | |y0705-5412 |
| 040 | |aCaOODSP|beng |
| 043 | |an-cn--- |
| 086 | 1 |aCS61-001E-PDF |
| 245 | 00|aCheques cashed in clearing centres |h[electronic resource]. |
| 260 | |aOttawa : |bDominion Bureau of Statistics, Business Statistics Branch, |c1948-1974. |
| 310 | |aMonthly |
| 362 | 0 |aMay 1948-Dec. 1973. |
| 500 | |aDigitized edition from print [produced by Statistics Canada]. |
| 500 | |aIssue for Jan. 1950 has title: Cheques cashed against individual accounts. |
| 500 | |aIssue for June 1964 has title: Cheques cleared in clearing centres. |
| 515 | |aIssues for July 1949-Dec. 1973 called v. 26, no. 7-v. 50, no. 12. |
| 550 | |aIssued Aug. 1948-May 1949 by Dominion Bureau of Statistics; June 1949-July 1950, Sept. 1950-Dec. 1958 by Business Statistics Section; Aug. 1950 by Research and Development Division; Jan. 1959-Feb. 1959 by Industrial Output Section; Mar. 1959-Dec. 1971 by Business Finance Division; Jan. 1971-Oct. 1972, Jan. 1973-Dec. 1973 by Statistics Canada, Business Finance Division; Nov. 1972-Dec. 1972 by CALURA Division. |
| 692 | 07|2gccst|aBanking |
| 692 | 07|2gccst|aFinance |
| 710 | 1 |aCanada.|bDominion Bureau of Statistics.|bBusiness Statistics Branch. |
| 710 | 1 |aCanada.|bDominion Bureau of Statistics.|bBusiness Statistics Section. |
| 710 | 1 |aCanada.|bDominion Bureau of Statistics.|bResearch and Development Division. |
| 710 | 1 |aCanada.|bDominion Bureau of Statistics.|bIndustrial Output Section. |
| 710 | 1 |aCanada.|bDominion Bureau of Statistics.|bBusiness Finance Division. |
| 710 | 2 |aStatistics Canada.|bCorporations and Labour Unions Returns Division. |
| 710 | 1 |aCanada. |bDominion Bureau of Statistics. |
| 710 | 1 |aCanada. |bStatistics Canada. |bBusiness Finance Division. |
| 780 | 00|tCheques cashed and money supply |w(CaOODSP)9.808398 |
| 785 | 00|tCheques cashed |w(CaOODSP)9.808402 |